| 000 | 00442nam a2200181Ia 4500 | ||
|---|---|---|---|
| 005 | 20240823014328.0 | ||
| 008 | 240823s9999||||xx |||||||||||||| ||und|| | ||
| 041 | _aENGLISH | ||
| 082 | _A613.7046 | ||
| 100 | _aSurinder Kumar | ||
| 245 | 0 | _aYogic Cure for Urinary and Seminal Diseases Yoga-12 | |
| 250 | _a1st | ||
| 260 | _b"Books for All," | ||
| 500 | _aTransfered | ||
| 650 |
_aDisease _bGeneral |
||
| 942 | _cBK | ||
| 999 |
_c169771 _d169771 |
||